| 000 | 00545nam a2200193Ia 4500 | ||
|---|---|---|---|
| 005 | 20250326142110.0 | ||
| 008 | 250326s9999 xx 000 0 und d | ||
| 020 | _a0-669-11206-2 | ||
| 037 | _aTextbook | ||
| 040 |
_aFMSL _beng _cFMSL |
||
| 041 |
_aeng _2eng |
||
| 084 |
_aX:8D.4 M6 _qFMSL |
||
| 100 |
_aCheng H S _9745579 |
||
| 245 | 0 |
_aFicial policy and reform in pacific basis countries _cCheng H S |
|
| 260 |
_aUSA _bUSA, Lexington Books _c1986 |
||
| 300 | _axiv,370 | ||
| 942 |
_cTB _hX:8D.4 M6 |
||
| 999 |
_c1293434 _d1293434 |
||